Statistics for People With Place Names

Click here to take the quiz!

General Stats

  • This quiz has been taken 24,364 times
    (578 since last reset)
  • The average score is 15 of 20

Answer Stats

Clue Person % Correct
Heiress who was famous for being famous in the 2000s{Paris} Hilton
99%
Singer who will always love youWhitney {Houston}
98%
"Training Day" starDenzel {Washington}
98%
Joaquin's brotherRiver {Phoenix}
94%
Actor who starred as Legolas in "The Lord of the Rings"{Orlando} Bloom
93%
Served as a nurse in the Crimean War{Florence} Nightingale
91%
Who's afraid of this author of "To the Lighthouse"?{Virginia} Woolf
89%
U.S. president who served two nonconsecutive termsGrover {Cleveland}
88%
"Call of the Wild" authorJack {London}
84%
"Rocky Mountain High" singerJohn {Denver}
82%
"A Streetcar Named Desire" playwright{Tennessee} Williams
80%
Taos artist colony denizen who painted flowers{Georgia} O'Keeffe
74%
He's dreaming of a White ChristmasIrving {Berlin}
72%
She starred in "Fifty Shades of Grey"{Dakota} Johnson
68%
Female Japanese propagandist of WWII{Tokyo} Rose
68%
Former 49ers quarterbackJoe {Montana}
66%
Eldest daughter of Madonna, named for a miraculous town in France{Lourdes} Leon
55%
Eldest spawn of David and Victoria{Brooklyn} Beckham
53%
"Spiderman" actorTom {Holland}
53%
Daughter of Alec Baldwin and Kim Basinger, named after a country{Ireland} Baldwin
41%

Score Distribution

Percentile by Number Answered

Percent of People with Each Score

Your Score History

You have not taken this quiz since the last reset